Statistiques concernant Culture Générale - Série 862

Cliquez ici pour prendre le quiz!

Statistiques générales

  • Ce quiz a été pris 89 fois
  • Le résultat moyen est 5 sur 10

Statistiques - réponses

QuestionRéponse% Correct
Si on enlève une lettre à "cabane", on obtient un manteau court, chaud et imperméablecaban
88%
Une célèbre réplique de la pièce de Georges Feydeau : "L'Hôtel du libre-échange", est : "Ciel! Mon...mari
82%
Retour violent des vagues vers le large, après qu’elles ont frappé avec impétuosité une terre, un obstacleressac
64%
Quel nom donne-t-on au serin domestique ?canari
52%
Comment appelle-t-on un porc mâle reproducteur ?verrat
52%
Quel nom donne-t-on à la ceinture du kimono ?obi
40%
Quel morceau de tissu, porté sur les épaules, est l'insigne par excellence de la prêtrise ?étole
33%
Quelle est la dernière lettre de l'alphabet hébreu qui par sa forme rappelle la croix de Jésus ?tau
20%
Quel verbe signifie réviser, étudier avec ardeur, lorsqu'il s'agit d'un étudiant ?potasser
14%
Histoire inventée ou exagérée, originaire du midi provençal, que l'on raconte pour duper quelqu'un.galéjade
13%

Distribution des résultats

Percentile par nombre de réponses

% des personnes avec chaque résultat

Votre développement - résultats

Vous n’avez pas pris ce quiz